|
|
|
|
| LEADER |
00757nam a2200193 a 4500 |
| 008 |
100209s1991 bg b 000 0 eng d |
| 040 |
|
|
|a BD-DhAAL
|c BD-DhAAL
|d BD-DhAAL
|
| 082 |
0 |
0 |
|a 332.1/095492
|2 20
|
| 100 |
1 |
|
|a Ahmed, Iftekhar Uddin,
|d 1955-
|
| 245 |
1 |
0 |
|a Crisis of Credit management /
|c Iftekhar Uddin Ahmed.
|
| 260 |
|
|
|a Dhaka :
|b Ruprekha Publishers,
|c 1991.
|
| 300 |
|
|
|a 91 p. ;
|c 22 cm.
|
| 504 |
|
|
|a Includes index.
|
| 541 |
|
|
|e 00004792
|
| 650 |
|
0 |
|a Banks and banking
|z Bangladesh.
|
| 650 |
|
0 |
|a Bank management
|z Bangladesh.
|
| 852 |
4 |
|
|a Ayesha Abed Library
|j General shelf
|
| 999 |
|
|
|c 7426
|d 7426
|
| 952 |
|
|
|0 0
|1 0
|2 ddc
|4 0
|6 332_109549200000000_AHM_1991
|7 0
|9 7951
|a BRACUL
|b BRACUL
|c GEN
|d 2010-02-10
|g 200.00
|l 0
|o 332.1095492 AHM
|p 3010004792
|r 2010-02-10
|t 1
|w 2010-02-10
|y BK
|